| 000 | 01598nam a2200397 a 4500 | ||
|---|---|---|---|
| 001 | ebr10591325 | ||
| 003 | CaPaEBR | ||
| 006 | m u | ||
| 007 | cr cn||||||||| | ||
| 008 | 850211s1970 gw sb 001 0dlat d | ||
| 020 | _z9783598718434 | ||
| 020 | _z9783110958843 (e-book) | ||
| 040 |
_aCaPaEBR _cCaPaEBR |
||
| 035 | _a(OCoLC)823746261 | ||
| 050 | 1 | 4 |
_aPA6705 _b.A4 1970eb |
| 100 | 1 | _aTacitus, Cornelius. | |
| 240 | 1 | 0 |
_aWorks. _lLatin. _sKoestermann. _kSelections. _f1970 |
| 245 | 1 | 0 |
_aGermania _h[electronic resource] ; _bAgricola ; Dialogus de oratoribus / _ctertium edidit Erich Koestermann. |
| 246 | 3 | _aGermania ; Agricola ; Dialogus de oratoribus | |
| 250 | _a3. Aufl. | ||
| 260 |
_aLeipzig : _bBSB B.G. Teubner Verlagsgesellschaft, _c1970. |
||
| 300 | _axliv, 128 p. | ||
| 440 | 0 | _aBibliotheca scriptorum Graecorum et Romanorum Teubneriana | |
| 490 | 0 |
_aP. Cornelii Taciti libri qui supersunt ; _vtom. 2, fasc. 2 |
|
| 504 | _aIncludes bibliographical references and index. | ||
| 533 |
_aElectronic reproduction. _bPalo Alto, Calif. : _cebrary, _d2011. _nAvailable via World Wide Web. _nAccess may be limited to ebrary affiliated libraries. |
||
| 600 | 1 | 0 |
_aAgricola, Gnaeus Julius, _d40-93. |
| 650 | 0 | _aCivilization, Germanic. | |
| 650 | 0 | _aRhetoric. | |
| 655 | 7 |
_aElectronic books. _2local |
|
| 700 | 1 |
_aKoestermann, Erich, _d1901- |
|
| 710 | 2 | _aebrary, Inc. | |
| 740 | 0 | 2 | _aAgricola. |
| 740 | 0 | 2 | _aDialogus de oratoribus. |
| 856 | 4 | 0 |
_uhttp://site.ebrary.com/lib/rucke/Doc?id=10591325 _zAn electronic book accessible through the World Wide Web; click to view |
| 999 |
_c210071 _d210071 |
||